| 000 | 00619nam a22002057a 4500 | ||
|---|---|---|---|
| 005 | 20241029150812.0 | ||
| 010 | _aENG-142546 | ||
| 020 |
_a9788170545835 _c300.00 |
||
| 035 | _aEN-126078 | ||
| 037 | _bDBAD/PUB | ||
| 082 | _a362.2 | ||
| 100 |
_aSingh, Bhan Udai _973654 |
||
| 245 |
_aProblem Of Aging In Rural India: _cby Udai Bhan Singh _bTradition and Change |
||
| 250 | _a1 | ||
| 260 |
_aNew Delhi _bClassical Publishing Company _c2012 |
||
| 270 |
_a28, Shopping Centre, Karampura, _bNew Delhi _e110015 |
||
| 300 |
_a112p. _c21cm(pbk) |
||
| 700 | _973644 | ||
| 942 |
_2ddc _cEN _h362.2 _mSIN _e1 |
||
| 999 |
_c206868 _d206868 |
||